000 00536nam a2200193Ia 4500
005 20250508153241.0
008 008 250505s9999 xx 000 0 eng d
037 _aTextual
040 _aFEDL
_beng
_cFEDL
041 _aeng
_2eng
084 _a157.9, LEV
_qFEDL
100 _aLevy Leon H.
245 0 _aPsychological interpretation
260 _aNew York, USA
_bHolt, Rinehart and Winston
_c1963
300 _axii,368p
650 _aAbnormal psychology
942 _cTEXL
_h157.9, LEV
999 _c1341522
_d1341522